000 01198nam a2200337 i 4500
001 000038045
003 DO-SdBNP
005 20260429123224.0
007 ta
008 130312s2012 dr ac 001 0 spa d
020 _a9789945468076
040 _aDO-SdBNP
_bspa
_cBNPHU
_erda
041 _aspa
082 4 _a324.27293
_bT693c
_222
100 1 _aTorres, Braulio,
_d1937-
_eautor
_4aut.
_964441
245 1 0 _aCautivo de mi verdad /
_cBraulio Torres ; prólogo, Odalís Pérez.
264 1 _aSanto Domingo :
_bEditora Alfa y Omega,
_c2012.
300 _a484 páginas :
_bilustraciones, retratos ;
_c25 cm.
336 _atexto
_btxt
_2rdacontent
337 _asin mediación
_bn
_2rdamedia
338 _avolumen
_bnc
_2rdacarrier
500 _aIncluye datos biográficos del autor en la solapa de la cubierta.
590 _aInventariado, 2019/MFF
610 1 4 _aPartido Comunista Dominicano (PCD)
_964442
650 4 _aPartidos comunistas
_zRepública Dominicana
_944647
650 0 _aParticipación política
_9456
650 4 _aIzquierdas (política)
_940534
700 1 _aPérez, Odalís
_d1952-
_eprologista
_4pról.
_923828
910 _aValidado. Control de calidad EMS.
942 _2ddc
_cLBS1
999 _c37535
_d37535